[Event "3rd Mersin Open 2018"]
[Site "Mersin"]
[Date "2018.09.14"]
[Round "7.8"]
[White "Dogan, Nazmi Can"]
[Black "Alaz, Ahmet Efekan"]
[Result "1-0"]
[WhiteElo "2275"]
[BlackElo "2127"]
[Annotator "TA"]
[PlyCount "97"]
[EventDate "2018.09.09"]
[EventType "swiss"]
[EventCountry "TUR"]
[SourceTitle "playchess.com"]
[Source "ChessBase"]
[SourceQuality "1"]

{[%evp 20,97,76,83,120,134,154,123,119,119,135,126,127,129,144,109,220,129,129,130,116,129,145,139,148,99,163,166,155,186,375,236,237,240,224,227,295,237,248,246,248,241,247,236,239,232,313,299,327,338,329,327,313,290,302,298,318,314,386,360,419,418,855,857,780,837,829,781,938,957,1047,984,2366,1792,1253,1451,12842,12842,12844,6552]} 1. e4 e6 2. d4 d5 3. exd5 exd5 4. Nf3 Bd6 5. c4 dxc4 6. Bxc4 Nf6 7. O-O O-O 8. Nc3 Bg4 9. h3 Bh5 10. g4 Bg6 11. Ne5 {LiveBook: 31 Games} Bxe5 {D20: Queen's Gambit Accepted: 3 e3 and 3 e4} (11... Ne4 12. f4 Nxc3 13. bxc3 Be4 14. Qe2 Bc6 15. f5 Qh4 16. Kh2 Nd7 17. Bf4 Nb6 18. Bb3 Nd5 19. Bg3 {½-½ (47) Potkin,V (2682)-Ponkratov,P (2582) Taganrog 2011}) 12. dxe5 Ne4 13. Qxd8 Rxd8 {White is better.} 14. f4 {[%cal Bf2f4,Bf4f5][%mdl 32]} Nxc3 15. bxc3 Be4 16. Re1 $146 ({Predecessor:} 16. e6 fxe6 17. Bxe6+ Kh8 18. Re1 Bc6 19. Be3 {1-0 (54) Thesing,M (2385)-Petras,M (2060) Muenster 1993}) 16... Bc6 17. f5 {aiming for e6.} b5 (17... Nd7 $16 {was called for.}) 18. Bg5 (18. Bb3 $1 $18) 18... Re8 $16 19. Bb3 $36 {[%mdl 2048] Rad1 is the strong threat. White is on the roll.} Nd7 20. e6 fxe6 21. Bxe6+ ({But not} 21. fxe6 $6 Nc5 $14) 21... Kh8 22. Bf7 Rf8 {[#]} (22... Re4 $16) 23. Bb3 $1 $18 Rfe8 {[#]} 24. Be7 $1 Nb6 $2 (24... Nf6) 25. Bf7 Nd5 26. Bxe8 Bxe8 27. Bb4 Bf7 28. Ba5 Kg8 29. a4 a6 30. axb5 axb5 31. Bb4 Rc8 32. Ra7 h6 33. Rea1 Nb6 34. Ba5 Nd5 35. Rb1 Be8 36. Rd1 Bf7 37. Kf2 Re8 38. Re1 Rc8 39. Re5 c6 40. h4 c5 {[#]} (40... Kf8 $142 41. Kf3 Be8) 41. Rxf7 $1 {[%mdl 512] White is clearly winning.} Kxf7 42. Rxd5 {[%mdl 4096] Endgame KRB-KR} Rc6 43. Ke3 Ra6 44. Bc7 b4 45. Rxc5 bxc3 46. Be5 Ra4 47. Rc7+ Kf8 48. Bxg7+ Kg8 49. Bd4 {Precision: White = 95%, Black = 21%.} 1-0

[Event "3rd Mersin Open 2018"]
[Site "Mersin"]
[Date "2018.09.14"]
[Round "7.9"]
[White "Soyunlu, Narmin"]
[Black "Kazimova, Narmin"]
[Result "0-1"]
[WhiteElo "2051"]
[BlackElo "2264"]
[Annotator "TA"]
[PlyCount "74"]
[EventDate "2018.09.09"]
[EventType "swiss"]
[EventCountry "TUR"]
[SourceTitle "playchess.com"]
[Source "ChessBase"]
[SourceQuality "1"]

{[%evp 23,74,-22,-18,-21,-15,-25,-19,-23,-7,-18,-15,-10,-7,-18,-10,-21,-26,-21,-2,-13,-9,-55,-31,-76,-77,-108,-98,-96,-104,-195,-184,-185,-180,-293,-289,-278,-275,-301,-266,-307,-290,-394,-352,-336,-337,-996,-991,-1088,-1087,-12835,-354,-12835,-12836]} 1. g3 Nf6 2. Bg2 e6 3. c4 d5 4. Nf3 dxc4 5. Qa4+ Nbd7 6. Qxc4 c5 7. O-O a6 8. Qc2 b5 9. a4 Bb7 10. axb5 axb5 11. Rxa8 Qxa8 12. d3 {A13: English Opening: 1...e6} (12. Na3 Bc6 13. Ne1 Nd5 14. d4 Be7 15. dxc5 Nxc5 16. Bxd5 exd5 17. Nd3 Nxd3 18. Qxd3 b4 19. Nc2 O-O 20. Bd2 {½-½ (30) Van Foreest,J (2640)-Christiansen,J (2506) Pardubice 2018}) 12... Be7 {LiveBook: 18 Games} 13. b3 O-O 14. Bb2 {The position is equal.} Rc8 15. Nbd2 Bc6 16. Rc1 $146 ({Predecessor:} 16. Ra1 Qb7 17. e4 Ra8 18. Rc1 Ra2 {0-1 (40) Zysk,R (2415)-Heyken,E (2415) Germany 1991}) 16... Nd5 17. Ra1 Qb8 18. Qd1 Nb4 19. Ne1 Bxg2 20. Nxg2 Bf6 21. Bxf6 Nxf6 22. Ra5 h6 23. Ne3 Nfd5 24. Ne4 Nxe3 25. fxe3 Qb6 $36 {[%mdl 2048] White is under strong pressure.} 26. Qa1 (26. Ra1 $17 {was worth a try.}) 26... c4 $19 27. bxc4 Qxe3+ 28. Kf1 (28. Nf2 {only move.} Nc2 29. Qd1) 28... bxc4 29. Ra8 Rxa8 30. Qxa8+ Kh7 31. dxc4 Qc1+ 32. Kf2 Qxc4 {...Nd5 is the strong threat.} 33. Qb7 Nd5 34. Qb1 $2 {[#]} (34. Nd2 Qc5+ 35. Kg2 Ne3+ 36. Kf3) 34... f5 35. Nd2 Qd4+ 36. Ke1 Qg1+ 37. Nf1 Ne3 {Precision: White = 31%, Black = 59%.} 0-1

[Event "3rd Mersin Open 2018"]
[Site "Mersin"]
[Date "2018.09.14"]
[Round "7.10"]
[White "Annaberdiyev, Babageldi"]
[Black "Acar, Utku Cengiz"]
[Result "1-0"]
[WhiteElo "2214"]
[BlackElo "2122"]
[Annotator "TA"]
[PlyCount "59"]
[EventDate "2018.09.09"]
[EventType "swiss"]
[EventCountry "TUR"]
[SourceTitle "playchess.com"]
[Source "ChessBase"]
[SourceQuality "1"]

{[%evp 15,59,22,45,0,43,0,0,0,71,81,79,74,82,91,88,85,116,120,107,114,127,68,65,65,83,92,543,544,521,527,796,800,1031,1019,1304,1029,1028,1021,1018,1007,1162,1143,29987,29988,29990,29991]} 1. d4 d5 2. Nf3 Nf6 3. c4 c6 4. Nc3 dxc4 5. a4 Bf5 6. e3 e6 7. Bxc4 Bb4 8. O-O a5 9. Qb3 {D18: Slav Defence: 5 a4 Bf5 6 e3} Qc7 (9... Nbd7 10. Nh4 Bg4 11. f3 Bh5 12. g4 Nd5 13. Ng2 Bg6 14. e4 N5b6 15. Be2 Qe7 16. f4 f6 17. f5 Bf7 18. fxe6 Bxe6 {0-1 (33) Hillarp Persson,T (2526)-Tikkanen,H (2522) Vaxjo 2016}) 10. Ne5 Nbd7 11. f4 $146 {[%cal Bf2f4,Bf4e5][%mdl 32] The position is equal.} ({Predecessor:} 11. Nxd7 Qxd7 12. f3 O-O 13. Rd1 Bg6 14. e4 Qc7 15. Be3 Rfd8 16. Rac1 {1-0 (27) Hauch,J (2074)-Heck,N (1902) Frankenthal 2015}) 11... Nxe5 (11... O-O $11) 12. fxe5 $16 Ne4 13. Rf4 g5 14. Nxe4 gxf4 15. Nf6+ Kf8 16. e4 ({Weaker is} 16. exf4 h5 $15) 16... Bg6 17. Bxf4 {Black must now prevent Qe3.} h5 18. d5 (18. Qe3 $16) 18... cxd5 $14 19. exd5 {Strongly threatening d6.} exd5 20. Nxd5 Qd8 $2 {[%mdl 8192] [#]} (20... Qc6 $16) 21. Rf1 Rc8 22. e6 Rc6 23. Be5 Rh7 24. Bf6 Qd6 25. Be7+ Qxe7 26. Nxe7 Bxe7 27. exf7 b6 28. Qg3 {Intending Qb8+ and mate.} Bd6 29. Qg5 Be7 {[#]} 30. Qxe7+ $1 {[%mdl 512] Precision: White = 61%, Black = 26%.} 1-0

[Event "3rd Mersin Open 2018"]
[Site "Mersin"]
[Date "2018.09.14"]
[Round "7.12"]
[White "Zuberoglu, Ibrahim Berk"]
[Black "Hatirli, Ugur Can"]
[Result "1-0"]
[WhiteElo "1633"]
[BlackElo "1608"]
[Annotator "NA RC"]
[PlyCount "67"]
[EventDate "2018.09.09"]
[EventType "swiss"]
[EventCountry "TUR"]
[SourceTitle "playchess.com"]
[Source "ChessBase"]
[SourceQuality "1"]
[TimeControl "5400+30"]

1. Nf3 {[%emt 0:00:30]} d5 {[%emt 0:00:30]} 2. c4 {[%emt 0:00:30]} c6 {[%emt 0:00:00]} 3. g3 {[%emt 0:00:30]} g6 {[%emt 0:00:00]} 4. Bg2 {[%emt 0:00:30]} Bg7 {[%emt 0:00:00]} 5. cxd5 {[%emt 0:06:30]} cxd5 {[%emt 0:00:00]} 6. d4 {[%emt 0:00:00]} Nf6 {[%emt 0:00:30]} 7. Nc3 {[%emt 0:02:00]} Nc6 {[%emt 0:00:30]} 8. O-O {[%emt 0:04:30]} O-O {[%emt 0:00:30]} 9. Ne5 {[%emt 0:03:30]} e6 {[%emt 0:01:30]} 10. Nxc6 {[%emt 0:03:30]} bxc6 {[%emt 0:00:30]} 11. Bf4 {[%emt 0:02:30]} Nd7 {[%emt 0:05:30]} 12. e4 {[%emt 0:06:30]} Qb6 {[%emt 0:05:30]} 13. Qa4 {[%emt 0:07:30]} Bxd4 {[%emt 0:08:30]} 14. exd5 {[%emt 0:00:30]} Ba6 {[%emt 0:04:30]} 15. Rfd1 {[%emt 0:05:30]} Bxf2+ {[%emt 0:00:30]} 16. Kh1 {[%emt 0:00:30]} Bb5 {[%emt 0:05:30]} 17. Nxb5 {[%emt 0:04:30]} cxb5 {[%emt 0:00:00]} 18. Qb3 {[%emt 0:00:30]} e5 {[%emt 0:03:00]} 19. Bh6 {[%emt 0:00:30]} Rfe8 {[%emt 0:00:30]} 20. Rf1 {[%emt 0:02:30]} Rac8 {[%emt 0:05:30]} 21. d6 {[%emt 0:04:30]} e4 {[%emt 0:02:30]} 22. Rxf2 {[%emt 0:02:30]} Qxf2 {[%emt 0:02:30]} 23. Rf1 {[%emt 0:00:30]} e3 {[%emt 0:00:30]} 24. Rxf2 {[%emt 0:01:30]} exf2 {[%emt 0:00:30]} 25. Bf1 {[%emt 0:00:00]} Rc5 {[%emt 0:05:30]} 26. Qf3 {[%emt 0:08:00]} Rf5 {[%emt 0:00:30]} 27. Qc6 {[%emt 0:01:30]} Nf6 {[%emt 0:02:30]} 28. d7 {[%emt 0:00:30]} Nxd7 {[%emt 0:01:30]} 29. Qxd7 {[%emt 0:00:30]} Rfe5 {[%emt 0:00:30]} 30. Kg2 {[%emt 0:00:30]} R5e7 {[%emt 0:00:30]} 31. Qd4 {[%emt 0:00:30]} Re5 {[%emt 0:00:30]} 32. Bxb5 {[%emt 0:01:30]} f1=B+ {[%emt 0:00:30]} 33. Kxf1 {[%emt 0:00:30]} Re1+ {[%emt 0:02:30]} 34. Kf2 {[%emt 0:00:30]} 1-0

[Event "3rd Mersin Open 2018"]
[Site "Mersin"]
[Date "2018.09.14"]
[Round "7.13"]
[White "Kiyak, Ali"]
[Black "Menken, Ekin"]
[Result "0-1"]
[WhiteElo "1580"]
[BlackElo "1706"]
[Annotator "NA RC"]
[PlyCount "84"]
[EventDate "2018.09.09"]
[EventType "swiss"]
[EventCountry "TUR"]
[SourceTitle "playchess.com"]
[Source "ChessBase"]
[SourceQuality "1"]
[TimeControl "5400+30"]

1. e4 {[%emt 0:00:30]} c5 {[%emt 0:00:30]} 2. Nf3 {[%emt 0:00:00]} d6 {[%emt 0:00:30]} 3. Bb5+ {[%emt 0:00:00]} Nd7 {[%emt 0:00:30]} 4. d4 {[%emt 0:05:30]} cxd4 {[%emt 0:00:30]} 5. Qxd4 {[%emt 0:00:30]} a6 {[%emt 0:02:30]} 6. Bxd7+ {[%emt 0:03:30]} Bxd7 {[%emt 0:00:00]} 7. Nc3 {[%emt 0:04:30]} e5 {[%emt 0:03:00]} 8. Qd3 {[%emt 0:02:30]} h6 {[%emt 0:02:30]} 9. Be3 {[%emt 0:02:30]} Nf6 {[%emt 0:02:30]} 10. h3 {[%emt 0:02:30]} Be7 {[%emt 0:01:30]} 11. O-O {[%emt 0:05:30]} O-O {[%emt 0:01:30]} 12. a4 {[%emt 0:01:30]} Bc6 {[%emt 0:06:30]} 13. a5 {[%emt 0:15:30]} Rc8 {[%emt 0:01:30]} 14. Rfd1 {[%emt 0:01:30]} Qd7 {[%emt 0:02:30]} 15. Nd2 {[%emt 0:05:30]} Qe6 {[%emt 0:23:30]} 16. Nc4 {[%emt 0:04:30]} Nxe4 {[%emt 0:09:30]} 17. Nxe4 {[%emt 0:01:30]} Bxe4 {[%emt 0:00:30]} 18. Qxe4 {[%emt 0:00:30]} Rxc4 {[%emt 0:00:30]} 19. Qxb7 {[%emt 0:00:30]} Rxc2 {[%emt 0:00:30]} 20. Qxa6 {[%emt 0:02:30]} Rxb2 {[%emt 0:00:30]} 21. Rab1 {[%emt 0:02:30]} Ra2 {[%emt 0:02:30]} 22. Rb6 {[%emt 0:03:30]} Qf5 {[%emt 0:04:30]} 23. Qc4 {[%emt 0:01:30]} Rxa5 {[%emt 0:00:30]} 24. Rb7 {[%emt 0:00:30]} Re8 {[%emt 0:04:30]} 25. Qc6 {[%emt 0:02:30]} Kf8 {[%emt 0:06:30]} 26. Ba7 {[%emt 0:02:30]} Qc8 {[%emt 0:03:30]} 27. Qb6 {[%emt 0:06:30]} Ra2 {[%emt 0:03:06]} 28. Rb1 {[%emt 0:02:30]} Rc2 {[%emt 0:07:38]} 29. Qe3 {[%emt 0:09:01]} Rc7 {[%emt 0:01:33]} 30. Rb8 {[%emt 0:07:37]} Qd7 {[%emt 0:00:27]} 31. Rxe8+ {[%emt 0:00:32]} Qxe8 {[%emt 0:00:28]} 32. Rb8 {[%emt 0:03:28]} Rc8 {[%emt 0:00:06]} 33. Qb6 {[%emt 0:00:23]} Rxb8 {[%emt 0:00:54]} 34. Bxb8 {[%emt 0:00:04]} Qd7 {[%emt 0:00:09]} 35. Bc7 {[%emt 0:00:14]} g6 {[%emt 0:00:36]} 36. g3 {[%emt 0:01:04]} Kg7 {[%emt 0:00:48]} 37. Kg2 {[%emt 0:00:04]} Qe6 {[%emt 0:00:12]} 38. Qc6 {[%emt 0:01:10]} e4 {[%emt 0:01:31]} 39. Bb6 {[%emt 0:00:56]} d5 {[%emt 0:01:33]} 40. Bd4+ {[%emt 0:00:21]} Bf6 {[%emt 0:00:03]} 41. Bxf6+ {[%emt 0:00:07]} Kxf6 {[%emt 0:00:05]} 42. Qc3+ {[%emt 0:00:38]} Qe5 {[%emt 0:00:11]} 0-1